000 00419nam a2200133Ia 4500
008 100328s9999 xx 000 0 und d
082 _b75000
100 _aपाळंदे ब.न.
245 _aपुनर्जन्म एक शोध.
260 _bमनोरमा.
630 _aपुनर्जन्म एक शोध.
730 _aपुनर्जन्म एक शोध.
942 _cBOOK
999 _c560721
_d560718